00377nam a22001337a 450000500170000000800410001702000220005804100080008010000320008824500640012025000150018426000350019930000090023420210909110759.0180123b xxu||||| |||| 00| 0 eng d a978-81-8360-174-0 aeng aMANIKANDAN, K AND PRABHU, S aINDIAN FORESTRY (a breakthrough approach to forest service) a6th ed rev aNEW DELHIbJAIN BROTHERSc2016 a644p